000 00503nam a2200193Ia 4500
001 17222
003 GE_BSU
008 181216s||||||||xx |||||||||||||| ||und||
040 _cGE_BSU
080 _a821.353.1-1
100 _aეული, სანდრო (ქურიძე)
245 _aლექსები
260 _aთბილისი
260 _bსახელგამი
260 _c1929
300 _a22გვ. ; 22სმ.
653 _aლექსები.
942 _cBK
999 _c50283
_d50283